Farrewell to the postwar era meeting a new era with resolution

Đã lưu trong:
Bibliografiske detaljer
Hovedforfatter: Keizai, Doyukai
Format: Bog
Sprog:Undetermined
Udgivet: Tokyo Japan Committee for Economic Development 1972
Fag:
Tags: Tilføj Tag
Ingen Tags, Vær først til at tagge denne postø!
Thư viện lưu trữ: Trung tâm Học liệu Trường Đại học Cần Thơ
LEADER 00536nam a2200181Ia 4500
001 CTU_77781
008 210402s9999 xx 000 0 und d
082 |a 330.9 
082 |b D753 
100 |a Keizai, Doyukai 
245 0 |a Farrewell to the postwar era meeting a new era with resolution 
245 0 |c Keizai Doyukai 
260 |a Tokyo 
260 |b Japan Committee for Economic Development 
260 |c 1972 
650 |a Economic condition 
904 |i Giang (sửa) 
980 |a Trung tâm Học liệu Trường Đại học Cần Thơ